| Tag |
First Indicator |
Second Indicator |
Subfields |
| LEADER |
00000cam a2200000 a 4500 |
| 001 |
in00001290921 |
| 005 |
20151004090516.0 |
| 007 |
hd afa014baca |
| 008 |
910506s1988 dcu a f000 0 eng d |
| 035 |
|
|
|a (OCoLC)23704775
|
| 035 |
|
|
|9 AGZ5400AM
|
| 040 |
|
|
|a UPA
|c UPA
|d UtOrBLW
|
| 049 |
|
|
|a TXAI
|
| 090 |
|
|
|a JK1108
|b .M35 Suppl. 1988/89 reel 6
|
| 099 |
|
|
|a Film
|a S
|a 1717 1988-89, reel 6, fr. 0282.
|
| 245 |
0 |
0 |
|a Environmental effects of recent activities in Antarctica /
|c M. Lynne Corn [and others].
|
| 264 |
|
1 |
|a [Washington, D.C.] :
|b Congressional Research Service, Library of Congress,
|c [1988]
|
| 300 |
|
|
|a vi, 46 pages ;
|c 28 cm.
|
| 336 |
|
|
|a text
|b txt
|2 rdacontent
|
| 337 |
|
|
|a microform
|b h
|2 rdamedia
|
| 338 |
|
|
|a microfilm reel
|b hd
|2 rdacarrier
|
| 500 |
|
|
|a Cover title.
|
| 500 |
|
|
|a At head of title: CRS report for Congress.
|
| 500 |
|
|
|a "June 15, 1988."
|
| 504 |
|
|
|a Includes bibliographical references.
|
| 500 |
|
|
|a "88-439 SPR."
|
| 533 |
|
|
|a Microfilm.
|b Arlington, Va. :
|c University Publications of America,
|d 1989.
|e on 1 microfilm reel ; 35 mm. Low reduction.
|f (Major studies and issue briefs of the Congressional Research Service. 1988-89 supplement ; reel 6, fr. 0282).
|
| 539 |
|
|
|a s
|b 1989
|d dcu
|e n
|
| 500 |
|
|
|a Microform.
|
| 651 |
|
0 |
|a Antarctica
|x Discovery and exploration
|x Environmental aspects.
|
| 650 |
|
0 |
|a Scientific expeditions
|z Antarctica
|x Environmental aspects.
|
| 700 |
1 |
|
|a Corn, M. Lynne
|q (Mary Lynne),
|d 1946-
|
| 710 |
2 |
|
|a Library of Congress.
|b Congressional Research Service.
|
| 830 |
|
0 |
|a Major studies and issue briefs of the Congressional Research Service.
|p Supplement ;
|v 1988-89, reel 6, fr. 0282.
|
| 999 |
|
|
|a MARS
|
| 999 |
f |
f |
|s c7a60c14-ae7e-35a7-ab01-956d4c64e2cf
|i 718124d7-c414-3012-9c10-c3e3d9b0021f
|t 0
|
| 952 |
f |
f |
|p default
|a Texas A&M University
|b College Station
|c Sterling C. Evans Library
|d Evans: Microforms (3rd floor)
|t 0
|e Film S 1707 1988-89, reel 6 fr. 0282
|h Other scheme
|i microform -- microfilm reel
|
| 998 |
f |
f |
|a Film S 1707 1988-89, reel 6 fr. 0282
|t 0
|l Evans: Microforms (3rd floor)
|